[Event "CB-Emu swiss"]
[Site "?"]
[Date "2016.11.03"]
[Round "1"]
[White "Champion Sensory Chess Challe, Fidelity"]
[Black "Roma 32, Mephisto"]
[Result "0-1"]
[WhiteElo "1650"]
[BlackElo "2130"]
[Annotator "Fritz 15 (60s)"]
[PlyCount "118"]
[EventDate "2017.??.??"]
[TimeControl "40/7200:40/7200:40/7200"]

{A29: Englische Eröffnung (Vierspringer-Variante)} 1. c4 e5 2. Nc3 Nf6 3. Nf3
Nc6 4. g3 Bb4 5. Bg2 O-O 6. O-O Re8 7. Ng5 (7. Qb3 Bc5 8. e3 a6 9. Rd1 d6 10.
d4 exd4 11. exd4 Ba7 12. h3 Rb8 13. Qc2 Bd7 14. a3 Qc8 15. Kh2 Bf5 16. Qd2 Ne4
17. Qf4 Nxf2 18. Nh4 Nxd1 19. Nxf5 Nxc3 20. bxc3 Ne7 21. g4 Nxf5 {Heasman,R 
(2140)-Georghiou,P (2220) London 1995 0-1}) 7... h6 $146 {0.08/1 (h7h6 g5e4
f6e4) 211} (7... Bxc3 8. dxc3 h6 9. Ne4 d6 10. Nxf6+ Qxf6 11. e4 Be6 12. Qe2
Qg6 13. Be3 f5 14. f3 f4 15. gxf4 exf4 16. Bxf4 Qf7 17. Qd2 Bxc4 18. Rf2 Bxa2
19. Kh1 Rf8 20. Bxh6 gxh6 21. Qxh6 Qf4 22. Qxf4 {Varberg,K-Southam,D Lyngby
1990 1/2-1/2}) (7... d6 8. d3 Bf5 9. Nge4 Nxe4 10. Nxe4 Qd7 11. a3 Ba5 12. Rb1
Bb6 13. b4 Rab8 14. e3 Bh3 15. Bxh3 Qxh3 16. f4 exf4 17. Rxf4 Qe6 18. Qh5 Ne5
19. c5 dxc5 20. bxc5 Ba5 21. Ng5 Qg6 22. Qxg6 {Haag,O-Schumacher,F ICCF 2007 1/
2-1/2}) (7... Nd4 8. e3 Ne6 9. Nxe6 dxe6 10. Qc2 Bxc3 11. Qxc3 e4 12. Qc2 e5
13. Bxe4 Nxe4 14. Qxe4 Bh3 15. Re1 Qd7 16. b3 c6 17. Bb2 Bf5 18. Qf3 Bg4 19.
Qg2 e4 20. f4 Rad8 21. Bd4 b6 22. b4 {Smirnov,V-Dydyshko,V Minsk 1987 0-1 (42)}
) 8. Nge4 Nxe4 {0.00/1 (f6e4 c3e4 a7a6) 211} 9. Bxe4 Bc5 {0.00/1 (b4c5 e2e3
d7d6) 211} 10. Qa4 a6 {-0.08/1 (a7a6 e2e3 a8b8) 211} 11. d3 Qe7 {-0.32/1 (d8e7
e4g2 c6b4) 211} (11... Nd4 12. b4 Be7 13. Rb1 $11) 12. Bd2 a5 {-0.36/1 (a6a5
c3d5 e7d8) 211} 13. Nd5 Qd6 {-0.60/1 (e7d6 e2e3 e7d6) 211} 14. Rac1 (14. e3 Ra6
$16) 14... Nd4 {-0.60/1 (c6d4 c1e1 c6d4) 211} (14... Ra6 15. Qd1 $11) 15. Rce1
(15. b4 $142 $5 Nxe2+ 16. Kg2 axb4 17. Qxa8 Nxc1 18. Rxc1 $16) 15... c6 $11 {
-0.28/1 (c7c6 b2b4 c6d5) 211} 16. b4 {Weiß droht Materialgewinn: b4xc5. Weiß
gabelt: a5+c5} (16. Nc3 Qc7 $11) 16... Ba7 $15 {-0.16/1 (c5a7 c4c5 d6b8) 211}
17. c5 {Weiß gewinnt Raum} (17. Ne3 axb4 18. Bxb4 Qb8 $15) 17... Qb8 $17 {
0.00/1 (d6b8 d5e3 a5b4) 211} 18. Ne3 axb4 {0.04/1 (a5b4 a4b4 b7b6) 211} 19.
Qxb4 b6 {0.36/1 (b7b6 c5b6 a7b6) 211} 20. cxb6 Bxb6 {0.28/1 (a7b6 e3c4 a8a6)
211.} 21. Nc4 Bc7 {0.55/1 (b6c7 b4b8 c7b8) 211} 22. Qxb8 Bxb8 {0.24/1 (c7b8
e2e3 d4b5) 211} 23. a4 $4 {verschlechtert die Stellung weiter} (23. e3 $142 Ne6
24. Rb1 $17) 23... d5 $19 {2.04/1 (d7d5 e2e3 d4b3) 211} 24. Nb6 Ra6 {3.45/1 
(a8a6 b6d5 c6d5) 211} 25. Nxd5 cxd5 {3.60/1 (c6d5 e4d5 c6d5) 211} 26. Bxd5 Bh3
{4.00/1 (c8h3 d5g2 h3g2) 211} 27. Bg2 Bxg2 {4.00/1 (h3g2 g1g2 a6a4) 211} 28.
Kxg2 Rxa4 {4.16/1 (a6a4 d2c3 a4a2) 211.} 29. e3 Nb3 {4.50/1 (d4b3 e1d1 e8d8)
211} 30. Rd1 Rc8 {4.45/1 (e8c8 d2e1 e8c8) 211} 31. Rg1 (31. Kh3 {holt die Kuh
nicht vom Eis} Ba7 $19) 31... Ba7 {4.64/1 (b8a7 g2f1 b8a7) 211} 32. Rb1 Nxd2 {
4.72/1 (b3d2 b1b2 d2c4) 211} 33. Rb2 Nc4 $1 {4.64/1 (d2c4 d3c4 a4c4) 211.
macht alles klar} 34. dxc4 Raxc4 {4.55/1 (a4c4 g1d1 c4c7) 211.} 35. Rb7 (35.
Ra1 {hilft allerdings auch nicht} R8c7 $19) 35... R8c7 {4.20/1 (c8c7 g1b1 g7g6)
211} 36. Rxc7 Rxc7 {4.28/1 (c4c7 g2f3 c4c7) 212} 37. Ra1 f5 {4.36/1 (f7f5 a1a5
a7c5) 212} 38. h3 Bc5 {4.36/1 (a7c5 g2f3 c5d6) 212} 39. g4 fxg4 {4.36/1 (f5g4
h3g4 c5b4) 212} 40. hxg4 Bb4 {4.45/1 (c5b4 g2f3 c5b4) 170} 41. Ra4 Rc4 {
4.50/1 (c7c4 f2f3 c4c2) 180} 42. Kh3 g6 {4.72/1 (g7g6 f2f3 g8f7) 180} 43. Kg3
h5 {4.68/1 (h6h5 g4h5 g6h5) 180} 44. Ra8+ (44. gxh5 {hilft auch nicht mehr}
gxh5 45. Ra7 Rg4+ 46. Kh2 Be1 47. Ra8+ Kf7 48. Ra7+ Ke6 49. Ra6+ Kd5 $19) 44...
Kg7 {4.80/1 (g8g7 a8a7 g8g7) 180} 45. gxh5 gxh5 {5.00/1 (g6h5 f2f4 e5f4) 180.}
46. f4 (46. Ra7+ {ist ein letzter Strohhalm} Kg6 47. Rb7 $19) 46... exf4+ {
4.88/1 (e5f4 e3f4 e5f4) 180} 47. exf4 Be1+ {6.32/1 (b4e1 g3f3 e1d2) 180} 48.
Kf3 Bd2 {6.24/1 (e1d2 f3g3 c4f4) 180} 49. f5 Rf4+ {6.50/1 (c4f4 f3e2 d2b4) 180}
50. Ke2 Bb4 {6.55/1 (d2b4 e2e3 f4f5) 180} 51. Ke3 (51. Rd8 {ändert nichts am
Ausgang der Partie} h4 $19) 51... Rxf5 {6.55/1 (f4f5 e3e4 f5f6) 180.} 52. Rb8 (
52. Ra1 $19 {ist vielleicht ein Schwindelversuch}) 52... Bd6 {6.45/1 (b4d6
b8b6 d6g3) 180} 53. Rd8 Rf6 {6.55/1 (f5f6 d8d7 g7g6) 180} 54. Rd7+ Kh6 {
6.64/1 (g7h6 d7d8 h5h4) 180} 55. Rd8 h4 {6.60/1 (h5h4 d8h8 h6g5) 180} 56. Rh8+
Kg5 {6.68/1 (h6g5 e3e4 f6h6) 180} 57. Rh7 Rh6 {6.92/1 (f6h6 h7g7 g5f6) 180.
Schwarz droht Materialgewinn: Th6xh7} (57... Bf8 58. Rh8 Kg4 $19) 58. Rg7+ $4 {
und der Gewinn ist perdu} (58. Rxh6 $142 {hätte die Niederlage vermieden} Kxh6
59. Kf2 $11) 58... Kh5 {7.00/1 (g5h5 e3f3 h4h3) 180} 59. Rb7 (59. Kf3 {macht
keinen großen Unterschied} h3 60. Rg1 Rf6+ 61. Ke2 h2 62. Rh1 Kg4 63. Kd3 Kg3
64. Kd4 Kg2 65. Rxh2+ Bxh2 66. Kc5 Kf3 67. Kd4 Rd6+ 68. Kc5 Ke3 69. Kc4 Be5 70.
Kc5 Kd3 71. Kb5 Bd4 72. Kb4 Rb6+ 73. Ka3 Kc4 74. Ka2 Be5 75. Ka3 Ra6#) 59... h3
{(h4h3 b7b1 h3h2) +9.99/1 180 0-1 Benutzer Entscheidung.} (59... h3 60. Rb1 Rf6
61. Ke4 h2 62. Ra1 Rg6 63. Kd5 Rg1 64. Rxg1 hxg1=Q 65. Kxd6 Qb6+ 66. Kd5 Qb5+
67. Kd4 Qb4+ 68. Kd5 Kg6 69. Kc6 Kf7 70. Kc7 Qb5 71. Kc8 Qb6 72. Kd7 Qc5 73.
Kd8 Ke6 74. Ke8 Qe7#) 0-1

[Event "CB-Emu swiss"]
[Site "?"]
[Date "2017.02.06"]
[Round "1"]
[White "MM V, Mephisto"]
[Black "Mondial II, Mephisto"]
[Result "1-0"]
[WhiteElo "2200"]
[BlackElo "1800"]
[Annotator "Fritz 15 (60s)"]
[PlyCount "87"]
[EventDate "2017.??.??"]
[TimeControl "40/7200:40/7200:40/7200"]

{A29: Englische Eröffnung (Vierspringer-Variante)} 1. c4 e5 2. Nc3 Nf6 3. Nf3
Nc6 4. g3 d5 5. cxd5 Nxd5 6. Bg2 Be6 7. O-O {-0.10/8 (e1g1 f8e7) 334} Nb6 8. a4
{-0.15/8 (a2a4 f8c5) 289. Weiß hat eine gedrückte Stellung. Die weiße Figur
kann nicht ziehen: c1} (8. d4 exd4 9. Nb5 d3 10. Ng5 Bc4 11. exd3 Bxb5 12. Qb3
Qf6 13. Qxb5 Be7 14. Be3 O-O 15. Rac1 a6 16. Qb3 Nd4 17. Bxd4 Qxd4 18. Nxf7
Rxf7 19. Rxc7 Kf8 20. Rxb7 Rd8 21. Qxb6 Qxd3 22. Rb8 Rf6 {Bitoon,R (2432)-Pham
Minh,H (2357) Kuala Lumpur 2001 1-0 (32)}) 8... Bc5 $146 (8... a5 9. Nb5 Bb4 (
9... Be7 10. d4 exd4 11. Nfxd4 Nxd4 12. Nxd4 Bd5 13. e4 Bc4 14. Re1 Bb4 15. Be3
Bxe1 16. Qxe1 O-O 17. b3 Be6 18. Rc1 Re8 19. Qc3 c5 20. Qxc5 Rc8 21. Qa3 Rxc1+
22. Qxc1 Nd7 23. f4 Nf6 24. h3 {Trapl,J (2370)-Soukup,J (2185) Czechia 2005
0-1 (39)}) 10. d4 exd4 11. Nfxd4 Nxd4 12. Nxd4 Bd5 13. Bxd5 Nxd5 14. Nf5 O-O
15. Qd4 Nf6 16. Qh4 Ne8 17. Bg5 f6 18. Qc4+ Kh8 19. Bf4 Qd7 20. e4 g6 21. Nd4
Nd6 22. Bxd6 Bxd6 23. Rad1 {Wesseln,K (2345)-Meins,G (2439) Bremen 1999 1/2-1/
2 (42)}) (8... Bb4 9. a5 Nxa5 10. Nxe5 Bb3 11. Qe1 Bc2 12. Rxa5 Bxa5 13. Bxb7
O-O 14. Nc6 Qg5 15. d3 Qh5 16. b4 Rae8 17. bxa5 Na4 18. Ba3 Nxc3 19. Qxc3 Qxe2
20. Bxf8 Kxf8 21. Nd4 {1-0 (21) Grecescu,G (2405)-Fuchs,G (2194) Litomysl 2007}
) (8... Nd4 9. Nxd4 exd4 10. a5 dxc3 11. axb6 axb6 12. Rxa8 Qxa8 13. dxc3 Be7
14. Bf4 Bd8 15. Qa1 Qc8 16. Qa4+ Qd7 17. Qxd7+ Bxd7 18. Bxb7 O-O 19. Rd1 Bb5
20. Bf3 g5 21. Be3 h6 22. Rd5 Bc6 23. Rxd8 {Phillips,R (2252)-Magana,B (2200)
Turin 2006 1-0 (49)}) (8... Bb4 9. d4 exd4 10. Nb5 $11) 9. d3 {-0.07/8 54 
(d2d3 e8g8)} (9. a5 Nd7 10. a6 bxa6 $16) 9... Qd7 (9... a5 10. Nb5 $14) 10. Ng5
{0.02/8 (f3g5 e8c8) 307. Schwarz hat eine sehr aktive Stellung} O-O (10... Nd5
$5 $14) 11. a5 $16 {0.34/8 (a4a5 b6d5) 307} Nd5 12. Nxe6 {0.37/8 (g5e6 f7e6)
274} (12. d4 $5 Nxc3 13. bxc3 exd4 14. Qd3 $16) 12... fxe6 $14 13. Ne4 {
0.37/8 (c3e4 c5e7) 270. Der Springer ist gut postiert} Be7 14. a6 {0.34/8 
(c1d2 a7a6) 254} bxa6 15. Rxa6 {0.43/7 (a1a6 a8b8) 66} Rab8 16. b3 {0.41/8 
(f1e1 b8b6) 120} (16. Nd2 Rb6 17. Ra2 Rb5 $14) 16... Rb6 $14 17. Rxb6 {0.36/9 
(a6b6 c7b6) 127} axb6 18. Bb2 {0.43/9 (c1b2 f8a8) 454} Nd4 19. Nd2 {0.44/8 
(e4d2 b6b5) 187} b5 20. e3 Nc6 21. Be4 Nf6 22. Bxc6 {0.61/9 (e4c6 d7c6) 298}
Qxc6 23. Bxe5 {0.77/9 (b2e5 f8d8) 696} Nd7 24. Bb2 {0.80/8 (e5b2 e7f6) 209} Qd5
25. d4 {0.89/8 (d3d4 e7b4) 166} c5 26. e4 {0.83/9 (e3e4 d5d6) 229. Weiß droht
Materialgewinn: e4xd5} Qd6 27. Nf3 c4 28. Nd2 {0.95/8 (f3d2 f8c8) 182} Qb4 29.
Qc2 {1.04/8 (d1c2 c4b3) 143} cxb3 30. Nxb3 {1.01/8 (d2b3 d7b6) 108.} Nb6 31.
Rc1 Nc4 32. Bc3 {1.00/9 (b2c3 b4a4) 473} Qd6 33. Qe2 {1.03/7 (c2e2 f8a8) 195}
Qa3 34. Rb1 {1.06/8 (c1b1 a3a4) 212} Bf6 35. f4 {1.05/8 (f2f4 f8c8) 248} Rc8
36. Qg4 Rc6 $2 (36... Qa6 $142 $5 37. Re1 Qc6 $16) 37. Ra1 $18 {1.26/8 (b1a1
a3f8) 148} Qxb3 $4 {auch bessere Züge hätten die Partie nicht gerettet.} (37...
Qf8 38. Qh5 Qc8 $18) 38. Ra8+ Kf7 39. Qh5+ Ke7 40. Qe8+ Kd6 41. Rd8+ $1 {
Ablenkung: d8} Kc7 (41... Bxd8 42. Qxd8# {Mattangriff Ablenkung}) 42. Rc8+ Kb7
43. Qxc6+ Ka7 44. Ra8# 1-0

[Event "CB-Emu swiss"]
[Site "?"]
[Date "2017.03.16"]
[Round "1"]
[White "Hering, Hartmut"]
[Black "Chess 7.0, C64."]
[Result "1-0"]
[WhiteElo "2100"]
[BlackElo "1600"]
[Annotator "Fritz 15 (60s)"]
[PlyCount "51"]
[EventDate "2017.??.??"]

{C00: Französische Verteidigung (Seltene Züge)} 1. e4 e6 2. Qe2 {Normal spiele
ich auf Französisch ja b3 mit Übergang in eine Reti-Variante. Aber das habe
ich derzeit in 3 Fernschachpartien und daher wollte ich was anderes versuchen
meinen Gegner zu verwirren. Hat geklappt. Das Buchwissen ist zu Ende...} Nc6 3.
Nf3 Nf6 4. d3 (4. e5 Nd5 5. g3 Be7 6. c4 Ndb4 7. d4 d5 8. a3 Na6 9. b4 Nab8 10.
c5 b6 11. Nbd2 bxc5 12. dxc5 f6 13. Bb2 Nxe5 14. Nxe5 fxe5 15. Qh5+ Kf8 16.
Bxe5 Bf6 17. Nf3 Nc6 18. Rd1 Nxe5 {Kogan,A (2548)-Aranzana Areste,A (2065)
Torredembarra 2011 1-0 (31)}) (4. g3 Bc5 5. Bg2 e5 6. O-O O-O 7. c3 d6 8. b4
Bb6 9. a4 a6 10. Na3 Be6 11. Nc4 Ba7 12. h3 Nh5 13. Ne3 h6 14. Kh2 Nf6 15. d3
Nh7 16. Nh4 Qd7 17. Nef5 Ne7 18. f4 c6 {Mitrovic,B (2219)-Reutimann,H (1797)
Edinburgh 2012 1-0}) 4... b5 $146 (4... d5 5. e5 Nd7 6. d4 f6 7. c3 Be7 8. Bf4
O-O 9. Qc2 fxe5 10. Bxe5 Ndxe5 11. dxe5 Bd7 12. Bd3 h6 13. Nbd2 Bc5 14. Nb3 Bb6
15. O-O Be8 16. Rac1 Bh5 17. Nbd4 Bxd4 18. Nxd4 Qe7 19. Rce1 {Thalwitzer,B 
(1771)-Kapinos,L (1465) Leipzig 2011 1-0 (44)}) (4... Bc5 5. h3 d5 6. e5 Nd7 7.
c3 d4 8. b4 Bb6 9. b5 Ne7 10. cxd4 Nf8 11. Be3 Qd5 12. Qb2 Bd7 13. a4 Ba5+ 14.
Bd2 Bxd2+ 15. Kxd2 b6 16. Nc3 Qb7 17. Be2 Nfg6 18. g3 O-O 19. h4 {Hernandez,Y 
(2267)-Andersson,C (2120) Bled 2002 1-0 (44)}) 5. d4 {Gegen menschliche Gegner
im Schnellschach habe ich meist 4. ...Lc5 5. h3 d5 6. e5 auf dem Brett. 4. ...
b5 war mal was ganz neues. Na gut, wenn er über den Flügel kommt, besetze
ich erstmal das Zentrum.} b4 6. c3 {Irgendwie musste ich auf den frechen
Vorstoß reagieren. Ich hatte eigentlich mit dem soliden a6 nebst Lb7
gerechnet. b4 kam völlig überraschend.} Bb7 7. Qc2 {Der Lf1 braucht Felder...
} Be7 8. Bd3 bxc3 9. bxc3 Rb8 10. O-O {Zeitverbrauch bei beiden jeweils 22 min.
Weiss steht etwas bequemer, aber wirkliche Angriffspunkte sind nicht zu sehen.}
h6 {Sichert g5} 11. Nbd2 d6 {Kontrolliert e5} 12. Ba3 O-O 13. Rfb1 d5 14. Bxe7
{Hier stand Schwarz vor der Wahl weiter passiv abzuwarten oder aktiv zu werden.
Allerdings schafft 13. ... d5 eben auch eine Schwäche.. Wei� gabelt: f8+d8}
Qxe7 15. e5 {Nun kann Weiss richtig schön Druck machen. Die Öffnung der
b-Linie dürfte sich bald rächen.. Wei� droht Materialgewinn: e5xf6} Nd7 16.
Rb2 Nb6 17. Rab1 Kh8 18. h3 {Irgendwie habe ich gerade keine rechten Ideen.
Also getreu dem Motto David Levys... "Do nothing, but do it well..."} a5 19.
Nf1 f5 (19... a4 20. Ne3 $14) 20. Qe2 {Zeitverbrauch Weiss: 51 min, Schwarz 58
min. Er hat es aber auch nicht leicht. Keinen einzigen Zug konnte er pondern,
der arme Tropf...} (20. exf6 $5 Rxf6 21. Nh4 $16) 20... Kh7 21. g4 {Auf dem
Damenflügel geht nix mehr... also versuchen wir es halt auf der anderen Seite.
} g6 22. gxf5 gxf5 (22... exf5 23. Ne3 $14) 23. Ne3 Qa3 $2 (23... Kh8 $142 $14
{und Schwarz spielt mit}) 24. Ng4 $18 {Ein böser Trick auf den das
Atkins-Programm prompt reinfällt.} Qxc3 $4 {ein Ende mit Schrecken} (24... Qe7
$18) 25. Qe3 {Ja, die Fesselung des Bauern f5 hat ihre Tücken. Nun steht
Schwarz von einem Moment auf den Anderen vor dem Nichts.} Kg7 (25... Kg8 {
hilft allerdings auch nicht} 26. Qxh6 Nxd4 27. Qg6+ Kh8 28. Ng5 Nf3+ 29. Nxf3
Qc6 30. Qh5+ Kg8 31. Nh6+ Kg7 32. Kh2 Qc1 33. Rxc1 Rf6 34. exf6+ Kh8 35. Rg1
Bc8 36. Nxf5#) 26. Qxh6+ {Ein selbst für mich überraschen schnelles Ende,
nachdem Chess 7.0 sich vorher eigentlich gut geschlagen hat. Aber nach 26. ...
Kf7 27. Sg5+ Ke8 28. Dxe6+ kann man das Matt förmlich schon riechen.. . . . .
.} (26. Qxh6+ Kf7 27. Ng5+ Ke8 28. Qxe6+ Kd8 29. Nf6 Nxe5 30. Rxb6 Nf3+ 31.
Nxf3 Qc6 32. Rxc6 Rxf6 33. Qxf6+ Ke8 34. Rxc7 f4 35. Bg6#) 1-0

[Event "CB-Emu swiss"]
[Site "?"]
[Date "2017.03.17"]
[Round "1"]
[White "Grandmaster, C64."]
[Black "Academy, Mephisto"]
[Result "0-1"]
[WhiteElo "1600"]
[BlackElo "2040"]
[Annotator "Fritz 15 (60s)"]
[PlyCount "80"]
[EventDate "2017.??.??"]

{C10: Französische Verteidigung (Rubinstein-Variante)} 1. e4 e6 2. d4 d5 3. Nc3
dxe4 {und hier ist die kleine Bibliothek des Grandmaster leider schon am Ende.
Der nächste Zug ist berechnet.} 4. Nxe4 Nd7 5. Nf3 Ngf6 6. Nxf6+ Nxf6 7. Be2
Bb4+ $146 (7... Be7 8. O-O (8. h3 b6 9. Bb5+ Bd7 10. a4 a6 11. Bd3 Bc6 12. c3
Be4 13. O-O Bxd3 14. Qxd3 O-O 15. Bf4 Nd7 16. Rad1 Bd6 17. Bxd6 cxd6 18. Rfe1
d5 19. Re2 h6 20. Rde1 Qf6 21. Nh2 g6 22. Ng4 Qg7 {Jurcak,M-Janos,M Bratislava
1994 0-1 (85)}) 8... O-O 9. Ne5 (9. b3 c6 10. Bb2 Qc7 11. c4 b6 12. Qc2 Rd8 13.
Rad1 Bb7 14. Ne5 Bd6 15. h3 Rac8 16. Bf3 h6 17. Rfe1 Qe7 18. Re3 Nd7 19. Nxd7
Rxd7 20. Qe2 Rcd8 21. Red3 Bb8 22. Qe1 Qg5 23. Bc1 Qf6 {Muehlhauser,
M-Schuhmacher,O Aachen 1982 1/2-1/2 (54)}) 9... c5 10. dxc5 Bxc5 11. Bf3 Qb6
12. Nd3 Bd6 13. Bg5 Bd7 14. a4 Qc7 15. h3 Bc6 16. Bxc6 Qxc6 17. c3 Rad8 18. Qe2
h6 19. Bf4 Bxf4 20. Nxf4 Qe4 21. Qxe4 Nxe4 22. Rfd1 {Lutikov,A (2545)
-Grigorian,L (2490) Riga 1975 1/2-1/2 (32)}) (7... c5 8. O-O Qc7 9. c4 Bd7 10.
Ne5 Bd6 11. Nxd7 Nxd7 12. g3 cxd4 13. Qxd4 Be5 14. Qd2 Nc5 15. Qc2 Bd4 16. Rb1
a5 17. b3 O-O 18. Bf3 Rfd8 19. Rd1 Qe5 20. Ba3 Rd7 21. Rd2 Rad8 22. Rbd1 {
Antunes,A (2450)-Kortschnoj,V (2630) Novi Sad 1990 1/2-1/2}) (7... Bd6 8. O-O
O-O 9. c4 c5 10. dxc5 Bxc5 11. Qxd8 Rxd8 12. Bg5 b6 13. a3 a5 14. Bxf6 gxf6 15.
Rfd1 Bb7 16. Rxd8+ Rxd8 17. Rd1 {1/2-1/2 (17) Aoyama,Y-Caruana,M Thessaloniki
1984}) 8. Bd2 Be7 9. O-O O-O 10. c3 {Nimmt Einfluss auf b4} b6 11. Ng5 {
Dieser Springerausfall mutet etwas seltsam an...} Bb7 12. Qc2 {Überlegenswert
wäre sich dem Fianchettoläufer mit Lf3 entgegenzustellen.} c5 13. dxc5 Bxc5
14. b4 {Dieser Vorstoß schwächt nur die eigene Bauernstellung. Wei� droht
Materialgewinn: b4xc5.} (14. Rad1 Qc7 $11) 14... Bd6 $15 15. Bd3 (15. Bf3 $142
$5 {ist zu beachten} Qc7 16. Bxb7 Qxb7 17. c4 $15) 15... h6 $17 16. Nh7 Nxh7 (
16... Ng4 $142 $5 17. h3 Ne5 $17) 17. Bxh7+ $15 Kh8 {Nach diesen seltsamen
Aktionen steht Schwarz deutlich besser} 18. g3 $2 {Verwehrt dem Gegner f4} (18.
Bd3 $142 $15 {und Weiß spielt mit}) 18... g6 $19 19. Bxh6 {Sieht gefährlich
aus, ist es aber nicht. Turm und Bauer für das starke Läuferpaar ist keine
wirkliche Kompensation.} Kxh7 20. Bxf8 Qxf8 (20... Bxf8 21. Rfd1 Qf6 22. Qd3
$19) 21. Rad1 a5 22. b5 Bd5 (22... Qe7 23. Rd2 $19) 23. c4 Bf3 {Die beiden
Läufer dominieren das Brett} 24. Rd4 e5 25. Rh4+ Kg8 26. Qd3 Bh5 $4 {Hier war
wohl Lb7 weit besser. Nun bekommt Weiss wieder Luft. vergibt den Vorteil} (
26... Bb7 27. Qe2 $19) 27. h3 $2 {Geschenkt will der Grandmaster aber
scheinbar nichts. Sofort g4 war definitiv besser} (27. g4 $5 {ist erwägenswert}
Be7 28. Qg3 Bxh4 29. Qxh4 Bxg4 30. Qxg4 $15) 27... Bc5 (27... Qe7 $142 28. Re4
Rd8 $19) 28. Re4 $2 (28. g4 $142 Qe7 29. Qg3 $19) 28... Rd8 $19 29. Qb3 Rd2 (
29... Qe7 {gibt noch größeren Vorteil} 30. Qc3 Bd4 31. Qb3 $19) 30. Qc3 Rxa2
31. Qxe5 f5 32. Qd5+ (32. Rd4 Re2 33. Qd5+ Qf7 34. Qa8+ Kg7 $19) 32... Kh8 (
32... Kh7 {und Schwarz hätte es noch leichter} 33. Rd4 Qe7 34. Rf4 $19) 33.
Qe5+ $2 (33. Re6 $142 $19) 33... Kh7 34. Qc7+ (34. Rf4 {ist vielleicht ein
Schwindelversuch} Bd6 35. Qd5 Bxf4 36. gxf4 $19) 34... Qg7 35. Qxg7+ Kxg7 {
Die Schachgebote sind vorüber, die Damen getauscht und Weiss steht noch
schlechter als vorher...} 36. Rf4 (36. Re5 {holt die Kuh nicht vom Eis} a4 37.
Rxc5 bxc5 $19) 36... Be2 37. Rc1 Rd2 38. Re1 (38. Ra1 {nützt auch nichts mehr}
Bd6 $19) 38... Kf6 (38... a4 $142 {wäre im Gewinnsinne präziser} 39. Kg2 a3 $19
) 39. Rh4 (39. h4 {hilft allerdings auch nicht} a4 40. Kg2 a3 $19) 39... Rc2 (
39... a4 $142 $19 {und Schwarz gewinnt}) 40. Rxe2 (40. Ra1 $19 {ist noch eine
Idee}) 40... Rxe2 {Da ist nichts mehr zu wollen.} (40... Rxe2 41. g4 Bxf2+ 42.
Kf1 Bxh4 43. Kxe2 a4 44. g5+ Bxg5 45. Kd3 a3 46. h4 a2 47. hxg5+ Ke5 48. c5
a1=Q 49. cxb6 Qd4+ 50. Kc2 Qc4+ 51. Kb1 Kd4 52. Kb2 Kd3 53. b7 Qxb5+ 54. Ka2
Kc2 55. b8=Q Qa5#) 0-1